书目信息 |
| 题名: |
现代英语语法例解手册
|
|
| 作者: | 绵贯阳, 著 ;申勇 译 | |
| 分册: | ||
| 出版信息: | 北京 科学出版社 2006.2 |
|
| 页数: | xviii,812页 | |
| 开本: | 21cm | |
| 丛书名: | ||
| 单 册: | ||
| 中图分类: | H314 | |
| 科图分类: | ||
| 主题词: | 英语--ying yu--语法 , 语法--yu fa | |
| 电子资源: | ||
| ISBN: | 7-03-015679-X | |
| 000 | 00975nam0 2200277 45 | |
| 001 | 012005000000 | |
| 005 | 20061229110400.78 | |
| 010 | @a7-03-015679-X@dCNY48.00 | |
| 100 | @a20060327d2006 em y0chiy0121 ea | |
| 101 | 1 | @achi@aeng@cjpn |
| 102 | @aCN@b110000 | |
| 105 | @ay z 000yy | |
| 200 | 1 | @a现代英语语法例解手册@Axian dai ying yu yu fa li jie shou ce@f(日)绵贯阳 ... [等]著@g申勇译 |
| 205 | @a修订版 | |
| 210 | @a北京@c科学出版社@d2006.2 | |
| 215 | @axviii,812页@d21cm | |
| 304 | @a本书著者为: (日)绵贯阳、(日)宫川幸久、(日)须贝猛敏等 | |
| 314 | @a绵贯阳(1928-), 旺文出版社编辑顾问, 合著《现代英语语法例解手册》等。 | |
| 330 | @a本书对现代通用的口语和书面语的语法、文法进行了认真仔细的解说, 本书分为24章, 72节, 总共有395项。 | |
| 606 | 0 | @a英语@Aying yu@x语法 |
| 606 | 0 | @a语法@Ayu fa |
| 690 | @aH314@v4 | |
| 701 | 0 | @c(日)@a绵贯阳,@Amian guan yang@f1928-@4著 |
| 702 | 0 | @a申勇@Ashen yong@4译 |
| 801 | 0 | @aCN@c20061229 |
| 905 | @a10447@dH314@eM711 | |
| 现代英语语法例解手册/(日)绵贯阳 ... [等]著/申勇译.-修订版.-北京:科学出版社,2006.2 |
| xviii,812页;21cm |
| ISBN 7-03-015679-X:CNY48.00 |
| 本书对现代通用的口语和书面语的语法、文法进行了认真仔细的解说, 本书分为24章, 72节, 总共有395项。 |
| ● |
| 相关链接 |
|
|
|
正题名:现代英语语法例解手册
索取号:H314/M711
 
预约/预借
| 序号 | 登录号 | 条形码 | 馆藏地/架位号 | 状态 | 备注 |
| 1 | 639251 | 206392517 | 语言库209/209语言库 5排1列6层/ [索取号:H314/M711] | 在馆 | |
| 2 | 639252 | 206392526 | 语言库209/209语言库 5排1列6层/ [索取号:H314/M711] | 在馆 | |
| 3 | 639253 | 206392535 | 语言库209/209语言库 5排1列6层/ [索取号:H314/M711] | 在馆 |